Violence against women, (Record no. 168)
[ view plain ]
| 000 -LEADER | |
|---|---|
| fixed length control field | 00441nam a22001577a 4500 |
| 005 - DATE AND TIME OF LATEST TRANSACTION | |
| control field | 20231208055123.0 |
| 008 - FIXED-LENGTH DATA ELEMENTS--GENERAL INFORMATION | |
| fixed length control field | 231208b |||||||| |||| 00| 0 eng d |
| 020 ## - INTERNATIONAL STANDARD BOOK NUMBER | |
| ISBN | 8185107289 |
| 082 ## - DDC Classification | |
| DDC Edition Number | 22 |
| Class No. | 305.4. |
| Item Number - Author Mark | Gai, |
| 100 ## - MAIN ENTRY--PERSONAL NAME | |
| Personal name | Omvedt, gali. |
| 245 ## - TITLE STATEMENT | |
| Title | Violence against women, |
| Remainder of title | New movements and New theories in india., |
| Statement of responsibility, etc. | Kali for women. |
| 260 ## - PUBLICATION, DISTRIBUTION, ETC. | |
| Place of publication, distribution, etc. | New delhi. |
| Name of publisher, distributor, etc. | Kali for women., |
| Date of publication, distribution, etc. | 1990. |
| 300 ## - PHYSICAL DESCRIPTION | |
| Extent (e.g. Volumes, Pages etc.) | 42, p. |
| 650 ## - SUBJECT ADDED ENTRY--TOPICAL TERM | |
| Topical term or geographic name entry element | women . |
| 942 ## - Koha item type (Biblio) | |
| Koha item type | Books in Stacks (Lending) |
| Lost status | Damaged status | Collection code | Home library | Current library | Date acquired | Full call number | Accession Number | Item type |
|---|---|---|---|---|---|---|---|---|
| Lending | WERC Library | WERC Library | 12/08/2023 | 305.4. Gai, | 619 | Books in Stacks (Lending) |
